|
|
|
|
| LEADER |
00000cam a2200000 a 4500 |
| 001 |
vtls001418017 |
| 003 |
SK-MaSNL |
| 005 |
20260301202405.0 |
| 008 |
240226s2001 xo a r 000 0 slo |
| 015 |
|
|
|a SNBI2001/04-02401
|
| 020 |
|
|
|a 808896105X
|
| 035 |
|
|
|a SNK000372815
|
| 035 |
|
|
|a urn:nbn:sk:snk-am3h55x
|
| 035 |
|
|
|a urn:nbn:sk:snk-am0081f3
|
| 035 |
|
|
|a 79AE0BC4-5DF1-498D-8FEB-81E063313CB9
|
| 040 |
|
|
|a SNK
|b slo
|c SNK
|e AACR2
|
| 041 |
0 |
|
|a slo
|
| 044 |
|
|
|a xo
|c SK
|
| 080 |
|
|
|a 340.1(083.133)
|2 1981
|
| 110 |
1 |
|
|a Slovensko
|4 aut
|9 266955
|
| 245 |
1 |
0 |
|a Vzory právnych podaní a zmlúv s komentárom
|b SEPI "F" - aktualizácia č. 21
|
| 260 |
|
|
|a Žilina
|b Systém ekonomických a právnych informácií
|c 2001
|
| 300 |
|
|
|a 77 s.
|b tab.
|c 21 cm
|
| 500 |
|
|
|a SEPI - Systém Ekonomických a Právnych Informácií
|
| 500 |
|
|
|a Voľné listy bez obalu
|
| 650 |
0 |
7 |
|a právo
|2 SNKPH
|9 976
|
| 650 |
0 |
7 |
|a právne podania
|2 SNKPH
|9 67845
|
| 655 |
|
7 |
|a pokyny
|2 SNKPH
|9 70685
|
| 655 |
|
7 |
|a príručky
|2 SNKPH
|9 74364
|
| 919 |
|
|
|a 80-88961-05-X
|
| 958 |
|
|
|a TL
|
| 999 |
|
|
|c 898652
|d 900582
|
| 952 |
|
|
|t P60, <03>, [BOOK], {603}
|a SNK
|b SNK
|y PREZ
|7 0
|p 17A0310321
|o snkSC 89994/pril. 21
|i snkKSP 9292/2001
|0 0
|1 0
|4 0
|d 2001-08-07
|f 1
|l 0
|r 2025-09-09 00:00:00
|w 2026-02-24
|
| 952 |
|
|
|a SNK
|b SNK
|y PREZ
|7 0
|p 17A0310322
|o snkSC 89994/pril. 21 D1
|i snkKSP 9293/2001
|0 0
|1 0
|4 0
|d 2001-08-07
|l 0
|r 2005-01-02 00:00:00
|w 2026-02-24
|